Finite mathematics

Uloženo v:
Podrobná bibliografie
Hlavní autoři: Campbell, Hugh G (Autor), Spencer, Robert E (Autor)
Médium: Kniha
Jazyk:angličtina
Vydáno: Nueva York Macmillan Publishing Co 1974
Témata:
Tagy: Přidat tag
Žádné tagy, Buďte první, kdo vytvoří štítek k tomuto záznamu!

MARC

LEADER 00000nam a2200000 a 4500
001 UCQ8277
003 CL-VaPUC
008 981209e19740000US |||||||||||||||||eng|d
082 0 4 |a 510  |b CAM  |2 21 
100 0 |a Campbell, Hugh G  |e author  |9 422138 
700 0 |a Spencer, Robert E  |e author  |9 422139 
245 1 0 |a Finite mathematics 
300 |a 326 p 
942 |c BK 
945 |d 19981209 00:00:00  |a crobeson 
260 |a Nueva York  |b Macmillan Publishing Co  |c 1974 
650 0 |a Matemática  |9 260235 
650 0 |a Matemáticas finitas  |9 269996 
650 0 |a Álgebra  |9 259567 
650 0 |a Lógica matemática   |9 262442 
650 0 |a Probabilidad  |9 349606 
650 7 |a LOGICA ALGEBRAICA  |2 CL-VaPUC  |9 270591 
650 0 |a Álgebra de Matrices  |9 422140 
650 0 |a Programación lineal   |9 23 
650 0 |a Teoría de juegos  |9 263826 
583 |a last modification  |c 19981209 00:00:00  |k Rodrigo Vera 
999 |c 277562  |d 277560 
952 |0 0  |1 0  |4 0  |6 510_000000000000000_CAM_1974  |7 0  |8 A  |9 315562  |a BIBMAT  |b BIBMAT  |d 2019-11-20  |i 1300458  |o 510 CAM 1974  |p 1300458  |r 2025-01-07  |w 2019-11-20  |y BK  |k MAT